000 00565nam a2200193Ia 4500
008 150610s9999 xx 000 0 und d
020 _a9780142419793
050 _aPZ7
_b.F4995 I55 v.2  
100 _aFisher, Catherine, 1957-
245 _aSaphique /
_cCatherine Fisher.
260 _aNew York :
_bFirebird,
_c2011.
300 _a462pages ;
_c21 cm.
440 _aIncarceron series ; [v. 2]
_vv.2
504 _aSequel to: Incarceron.
520 _aFantasy.
650 _aComputers
_bFiction.
650 _aIdentity
_xFiction.
650 _aPrisons
_xFiction.
999 _c288079
_d288079